| 000 | 00815nas a2200277 4500 | ||
|---|---|---|---|
| 001 | BR0402229 | ||
| 003 | BR-BrBNA | ||
| 005 | 20231205104520.0 | ||
| 007 | ta | ||
| 008 | 230509b bl.|||p| |||| 00| 00por d | ||
| 040 |
_aBR-BrBNA _bpor _cBiblioteca Nacional de Agricultura |
||
| 041 | _a(Pt) | ||
| 072 | _aQ02 | ||
| 100 | 1 | _aParaíso, P.R. | |
| 100 | 1 | _aAndrade, C.M.G. | |
| 100 | 1 | _aZemp, R.J. | |
| 245 | 1 | _aDestilação da micela; 1: modelagem e simulação da evaporação do hexano | |
| 650 | _aSOJA | ||
| 650 | _aÓLEO | ||
| 650 | _aPROCESSAMENTO | ||
| 650 | _aDESTILAÇÃO | ||
| 650 | _aEVAPORAÇÃO | ||
| 773 | 0 |
_tCiência e Tecnologia de Alimentos (Brazil) _xISSN 0101-2061 _g(Sep-Dec 2003), v. 23(3) p. 459-467 _wBR0402229 |
|
| 909 |
_a202311 _bLúcia _c55 _dLúcia Elande |
||
| 942 |
_2AGRIS _n0 _cANA |
||
| 999 |
_c178491 _d178491 |
||